000 00525nam a22001697a 4500
005 20240510153941.0
008 240510b |||||||| |||| 00| 0 eng d
020 _a97811188935125
082 _a004.165
_bMOL-E
100 _aMolloy, Derek
245 _aExploring BeagleBone :
_bTools and Techniques for Building With Embedded Linux /
_cDerek Molloy
260 _aUSA:
_bWiley;
_c2015.
300 _a594 p. :
_bill;
_c24 cm.
500 _ainclude index.
650 _acomputer science/ Java programming Language
999 _c35745
_d35745